| 000 | 00831cam a22002054a 4500 | ||
|---|---|---|---|
| 005 | 20250605164145.0 | ||
| 008 | 250528s ||||||||||||||||||||||||d | ||
| 035 | _a19152 | ||
| 020 | _a835209059 | ||
| 040 |
_aGR-AtMCL _bgre _dGR-AtMCL _eAACR2 |
||
| 245 | 1 | _aHealth / A Multimedia Source Guide | |
| 260 |
_bR. R. Bowker Company, _c1976 |
||
| 300 | _a190 | ||
| 520 | _aPreface, Introduction, Associations and Societies and Foundations, Audiovisual Producers and Distributors, Book Dealers, City and State and Federal Agencies, Libraries and Information Services, Pharmaceutical and Other Companies, Publishers, Research Institutes, Source Index, Index to Free Inexpensive Material, Subject Index. | ||
| 700 | 1 |
_aAsh John _95391 |
|
| 700 | 1 |
_aStevenson Michael _95392 |
|
| 942 | _cBK | ||
| 999 |
_c4429 _d4429 |
||